000 00329nam a2200133Ia 4500
008 100328s9999 xx 000 0 und d
082 _b37144
100 _aगोडबोले मंगला
245 _aसोबत
260 _bअर्चना
630 _aसोबत
730 _aसोबत
942 _cBOOK
999 _c526647
_d526644